000 00390nam a2200157Ia 4500
008 180423s9999 xx 000 0 und d
040 _aPK-NaQUE
100 _a12ME103
100 _aSyed Irfan Abbas Rizvi
245 0 _aManufacturing of Nibbling Machine
260 _aNawabshah
260 _bQUEST
260 _c2012
300 _a41
700 _aDepartment of Mechanical Engineering
999 _c58534
_d58531